Music Quiz

Random Music Quiz

Name That Tune- No Lyrics Quiz Stats

 Plays Quiz not verified by Sporcle

Challenge
Share
Tweet
Score 0/55 Timer 20:00
0 Plays Today
Time Answer % Correct
1:39-1:46Toxic
73.9%
2:27-2:32Whenever Wherever
37%
1:17-1:24Wicked Game
32.6%
0:09-0:15I Think We're Alone Now
30.4%
0:55-1:00(I've Had) The Time Of My Life
30.4%
1:01-1:08Video Games
28.3%
4:01-4:09Leave (Get Out)
28.3%
1:54-2:01Heads Will Roll
26.1%
0:00-0:08The Suburbs
23.9%
1:32-1:38Hold On
23.9%
1:25-1:31You Learn
23.9%
5:19-5:24All Apologies
23.9%
5:49-5:55Wouldn't It Be Nice
23.9%
0:44-0:49Holiday
21.7%
6:53-7:01Blurry
21.7%
0:35-0:43The Funeral
19.6%
4:26-4:32The Mother We Share
19.6%
5:33-5:42Sara
19.6%
5:43-5:48Where's My Mind
19.6%
2:19-2:26Come See About Me
17.4%
4:41-4:50Fire
17.4%
6:04-6:13I Will Follow You Into The Dark
17.4%
6:46-6:52Give Me Shelter
17.4%
0:16-0:22Domino
15.2%
1:47-1:53Two Weeks
15.2%
3:16-3:23Escapade
15.2%
5:05-5:10Dream Lover
15.2%
5:11-5:18The Wire
15.2%
Time Answer % Correct
6:14-6:20Itchycoo Park
15.2%
6:21-6:28What I Am
15.2%
2:11-2:18Smoke Gets In Your Eyes
13%
3:05-3:15Cowboy Take Me Away
13%
3:55-4:00Dress You Up
13%
4:16-4:25Over The Hills And Far Away
13%
4:51-4:57You Wear It Well
13%
4:33-4:40Do Ya
13%
5:25-5:32Fade Into You
13%
0:23-0:28Daft Punk Is Playing At My House
10.9%
2:02-2:10Little Jeannie
10.9%
2:33-2:40Young Hearts Run Free
10.9%
3:31-3:36Lotta Love
10.9%
3:45-3:54Bloodbuzz Ohio
10.9%
4:58-5:04At Seventeen
10.9%
5:56-6:03The Promise of A New Day
10.9%
6:37-6:45Touch Me (All Night Long)
10.9%
2:41-2:48Nick of Time
8.7%
3:24-3:30Lloyd I'm Ready To Be Heartbroken
8.7%
3:37-3:44Portions For Foxes
8.7%
0:29-0:34Like The Weather
6.5%
0:50-0:55Eres Tu
6.5%
1:09-1:16Fire Lake
6.5%
2:59-3:04Boogie Oogie Oogie
6.5%
4:10-4:15Wild One
6.5%
6:29-6:36Alone Again
6.5%
2:49-2:58Giving You The Best That I Got
4.3%

You're not logged in!

Compare scores with friends on all Sporcle quizzes.
OR
Log In

You Might Also Like...

Show Comments

Extras

Top Quizzes Today


Score Distribution

Your Account Isn't Verified!

In order to create a playlist on Sporcle, you need to verify the email address you used during registration. Go to your Sporcle Settings to finish the process.

Report this User

Report this user for behavior that violates our Community Guidelines.

Details: